Normal view
MARC view
Entry Personal Name
001 - CONTROL NUMBER
- control field: 26813
003 - CONTROL NUMBER IDENTIFIER
- control field: ARRUPE
005 - DATE AND TIME OF LATEST TRANSACTION
- control field: 20161017143804.0
008 - FIXED-LENGTH DATA ELEMENTS
- fixed length control field: 161017|| aca||aabn | a|a d
040 ## - CATALOGING SOURCE
- Original cataloging agency: ARRUPE
- Transcribing agency: ARRUPE
100 ## - HEADING--PERSONAL NAME
- Personal name: Dymally, Mervyn M.,
- Dates associated with a name: 1926-2012.
670 ## - SOURCE DATA FOUND
- Source citation: Work cat.: (ARRUPE)0: Castro, Fidel, 1926- 26807, Nothing can stop the course of history /, 1986.